| 000 | 00495nam a2200169 4500 | ||
|---|---|---|---|
| 001 | 127430 | ||
| 003 | ES-MaACL | ||
| 005 | 20230906193021.0 | ||
| 007 | t| | ||
| 008 | 070214s1966 sp r ||||1| spa d | ||
| 100 | 1 |
_aRiera Clavillé, José. _997118 |
|
| 245 | 1 | 0 |
_aSolsticios y estancias del amor _b: poemas / _cJosé Riera Clavillé. |
| 260 |
_aBarcelona : _bRaiclán, _c1966. |
||
| 300 |
_a78 p. ; _c24 cm. |
||
| 852 |
_aES-MaACL _jC-29834 _bR.60206 |
||
| 852 |
_aES-MaACL _jG-5503 _bR.65175 |
||
| 999 |
_c127430 _d127430 |
||